000 01001nam a22002297a 4500
005 20240305165459.0
007 cr|||| ||||
008 180104s2017 cu |||||s|||| 00||0 spa d
020 _a978-959-7219-39-2
035 _a20726
040 _avLex
090 _c7357
_d7357
245 0 0 _aTemas contemporáneos de derecho de familia
_h[Recurso electrónico]
256 _aServicio en línea
260 _aCiudad de la Habana:
_bUnión Nacional de Juristas de Cuba,
_c2017
300 _a1 recurso electrónico (415p.)
506 1 _aDisponible solo en los productos indicados
_dvLex Global
_dvLex Global (Academic Edition, excluding Law Schools)
_dvLex Global (U.S. Academic Edition, Law Schools)
_dvLex Global (U.S. Academic Edition, excluding Law Schools)
_dvLex Global (Academic Edition, Law Schools)
650 0 4 _aFamilia y Sucesiones
_zCuba
740 0 _avLex Libros (Servicio en línea)
856 4 0 _uhttps://app.vlex.com/#/sources/temas-contemporaneos-derecho-familia-20726
942 _cRAA
999 _c165596
_d165596